Day #26: Countries 2600 km away from Bulgaria - Statistics

General Stats
  • This quiz has been taken 20 times
  • The average score is 19 of 20
Answer Stats
Answer % Correct
Ireland
100%
Kazakhstan
100%
Morocco
100%
Russia
100%
Sudan
100%
United Kingdom
100%
Algeria
95%
Chad
95%
Egypt
95%
Finland
95%
Iran
95%
Iraq
95%
Norway
95%
Portugal
95%
Spain
95%
Sweden
95%
Niger
89%
Saudi Arabia
89%
Turkmenistan
84%
Kuwait
68%
No matching quizzes found
Score Distribution
Percent of People with Each Score
Percentile by Number Answered
Your Score History
You have not taken this quiz